00649nam a2200205 a 4500001000200000003000900002005001700011008003300028020001800061040002200079082002800101100002200129245009400151260003500245300002100280500007100301650002500372650002700397700001900424 DO-SdBNP20210506130643.0090713s2019 dr 000 j spa d a9789945806663 aBPMSUbspacBPMSU 222aRD863.5bR466i 20191 aReynoso, Menoscal10aIntermitencia del pánico :bcuentos /cMenoscal Reynoso. ; ilustraciones Wilson Morfe  aSanto Domingo :bBúho,c2019 a141 p. ;c23 cm. aIncluye datos biográficos del autor en la solapa de la cubierta  4aCuentos dominicanso  4aLiteratura dominicana  aMorfe, Wilson